Normal view MARC view

Entry Personal Name

Number of records used in: 2

001 - CONTROL NUMBER

  • control field: 747725

003 - CONTROL NUMBER IDENTIFIER

  • control field: OSt

005 - DATE AND TIME OF LATEST TRANSACTION

  • control field: 20250326143247.0

008 - FIXED-LENGTH DATA ELEMENTS

  • fixed length control field: 250326|| aca||aabn | a|a d

040 ## - CATALOGING SOURCE

  • Original cataloging agency: OSt
  • Transcribing agency: OSt

100 ## - HEADING--PERSONAL NAME

  • Personal name: Penman S H

670 ## - SOURCE DATA FOUND

  • Source citation: Work cat.: (OSt)1298818: Penman S H, Ficial statement analysis and security valuation, 2004
Copyright @ Delhi University Library System